[Event "EU-ch Hybrid U10"]
[Site "Tornelo INT"]
[Date "2021.10.15"]
[Round "8"]
[White "Kozlov, Kirill Dm"]
[Black "Buchinger, Alexis"]
[Result "1-0"]
[WhiteElo "1228"]
[BlackElo "1614"]
[PlyCount "169"]
[EventDate "2021.10.15"]
[EventType "swiss"]
[EventRounds "9"]
[EventCountry "NET"]
[SourceTitle "EXT 2023"]
[Source "ChessBase"]
[SourceDate "2022.10.05"]
[SourceVersion "1"]
[SourceVersionDate "2022.10.05"]
[SourceQuality "1"]
[WhiteTeam "Russia"]
[BlackTeam "Germany"]
[WhiteTeamCountry "RUS"]
[BlackTeamCountry "GER"]

1. e4 e5 2. Nf3 Nc6 3. Bb5 a6 4. Ba4 Nf6 5. d3 b5 6. Bb3 Be7 7. 0-0 0-0 8. Re1 Re8 9. Nbd2 d6 10. c3 Na5 11. Bc2 c5 12. Nf1 Qc7 13. h3 Bd7 14. a4 Nc6 15. Bg5 Rab8 16. Ne3 Qb7 17. Bxf6 Bxf6 18. Nd5 Bd8 19. Nd2 Ne7 20. Ne3 b4 21. Nec4 Bc7 22. a5 Nc6 23. Bb3 Be6 24. Ba4 Red8 25. Bxc6 Qxc6 26. Ne3 Rb5 27. Nd5 Bxd5 28. exd5 Qb7 29. c4 Rxa5 30. Rxa5 Bxa5 31. Qa4 Bc7 32. Ra1 a5 33. Ne4 Bb6 34. Nxd6 Qe7 35. Ne4 f5 36. Ng3 g6 37. Qc6 Rd6 38. Qb5 Qd7 39. Qa6 Bd8 40. Qa8 Qc7 41. Ne2 Qb6 42. Nc1 Qa6 43. Qb8 Qb6 44. Qc8 Qa6 45. Qb8 Qb6 46. Qxb6 Bxb6 47. Nb3 Rd7 48. Nxa5 Ra7 49. Nb3 Rxa1+ 50. Nxa1 e4 51. dxe4 Bc7 52. Nb3 Be5 53. Nxc5 Bxb2 54. Nd3 Bc3 55. Nc1 fxe4 56. Kf1 Kf7 57. Ke2 Kf6 58. Na2 Bd4 59. Nxb4 Bb6 60. Nc6 Kf5 61. g4+ Kf6 62. f3 e3 63. f4 h6 64. Nb4 g5 65. f5 Ke5 66. Nc2 Bc5 67. Na1 Ke4 68. Nb3 Be7 69. c5 Kxd5 70. Kxe3 Kc4 71. c6 Bd6 72. Nd4 Kd5 73. f6 Bc5 74. c7 Bxd4+ 75. Kd3 Bxf6 76. c8Q Kd6 77. Ke4 Ke7 78. Kf5 Kf7 79. Qd7+ Be7 80. Qe6+ Ke8 81. Qc6+ Kf7 82. Qd7 Kf8 83. Ke6 h5 84. Qxe7+ Kg8 85. Kf6 1-0